[Event "AUT-chT 2001-2002"]
[Site "Dornbirn"]
[Date "2002.03.08"]
[Round "9.1"]
[White "Lehner, Oliver"]
[Black "Bischoff, Klaus"]
[Result "1/2-1/2"]
[WhiteElo "2437"]
[BlackElo "2541"]
[PlyCount "56"]
[EventDate "2002.03.08"]

1. d4 Nf6 2. c4 e6 3. Nc3 d5 4. Bg5 Be7 5. e3 Nbd7 6. Nf3 c6 7. Rc1 O-O 8. 
Qc2
a6 9. a3 h6 10. Bh4 b6 11. Bd3 Bb7 12. O-O Rc8 13. Qe2 dxc4 14. Bxc4 b5 15. 
Ba2
c5 16. dxc5 Nxc5 17. Rfd1 Qb6 18. Ne5 Rfd8 19. b4 Nce4 20. Nxe4 Bxe4 21. Bb3
Rxd1+ 22. Qxd1 Rd8 23. Qe2 a5 24. Ng4 axb4 25. axb4 Bg6 26. Ne5 Be4 27. Ng4 
Bg6
28. Ne5 Be4 1/2-1/2

[Event "AUT-chT 2001-2002"]
[Site "Dornbirn"]
[Date "2002.03.08"]
[Round "9.2"]
[White "Horvath, Jozsef"]
[Black "Varga, Peter"]
[Result "1/2-1/2"]
[WhiteElo "2551"]
[BlackElo "2484"]
[PlyCount "26"]
[EventDate "2002.03.08"]

1. c4 Nf6 2. Nc3 e5 3. Nf3 Nc6 4. a3 d5 5. cxd5 Nxd5 6. Qc2 Nxc3 7. dxc3 Bd6 
8.
g3 Qe7 9. Bg2 e4 10. Ng5 f5 11. f3 h6 12. Nh3 exf3 13. Bxf3 Ne5 1/2-1/2

[Event "AUT-chT 2001-2002"]
[Site "Dornbirn"]
[Date "2002.03.08"]
[Round "9.3"]
[White "Vogt, Lothar"]
[Black "Hoelzl, Franz"]
[Result "0-1"]
[WhiteElo "2460"]
[BlackElo "2369"]
[PlyCount "138"]
[EventDate "2002.03.08"]

1. e4 c5 2. Nf3 e6 3. c3 d5 4. exd5 Qxd5 5. d4 Nf6 6. Be3 Nbd7 7. c4 Qd6 8. 
Nc3
cxd4 9. Nxd4 a6 10. Be2 Be7 11. O-O O-O 12. Qd2 Rd8 13. Bf4 Qb6 14. Na4 Qa7 
15.
Bc7 Re8 16. Bg3 Ne4 17. Qe3 Nxg3 18. hxg3 Nf6 19. Nc2 Qxe3 20. Nxe3 Rb8 21. 
Nb6
Bc5 22. Nxc8 Rexc8 23. b3 Ne4 24. g4 b5 25. Rac1 Bxe3 26. fxe3 b4 27. Bf3 
Nc5
28. Rfd1 Kf8 29. Kf2 h6 30. Ke2 a5 31. Kd2 Ke7 32. Kc2 Rb6 33. Ra1 Rcb8 34. 
Rh1
a4 35. Rh5 Rc8 36. bxa4 Nxa4 37. Be2 Nc3 38. Bf1 Nd5 39. Kd2 Nf6 40. Rb5 
Rd6+
41. Kc2 Nxg4 42. Kb3 Nxe3 43. Re1 Ra8 44. Rxb4 Nf5 45. a4 Nd4+ 46. Kc3 Nc6 
47.
Rb6 Nd8 48. Rb4 Rda6 49. Ra1 R6a7 50. c5 Rc7 51. Rb5 Rac8 52. a5 Rxc5+ 53. 
Rxc5
Rxc5+ 54. Kb4 Kd6 55. Bb5 Nc6+ 56. Ka4 Nd4 57. Rd1 e5 58. a6 Kc7 59. Be8 Kb6
60. Bxf7 Kxa6 61. Kb4 Kb6 62. Bg6 Nc6+ 63. Kb3 Kc7 64. Rf1 Kd6 65. Rf8 Nd4+ 
66.
Kb4 Rc7 67. Re8 Ne6 68. Bf5 Nf4 69. Be4 Nd5+ 0-1

[Event "AUT-chT 2001-2002"]
[Site "Dornbirn"]
[Date "2002.03.08"]
[Round "9.4"]
[White "Steflitsch, Erich"]
[Black "Neubauer, Martin"]
[Result "1-0"]
[WhiteElo "2371"]
[BlackElo "2434"]
[PlyCount "90"]
[EventDate "2002.03.08"]

1. e4 e5 2. Nf3 Nc6 3. Bb5 Nf6 4. O-O Nxe4 5. d4 Nd6 6. Bxc6 dxc6 7. dxe5 
Nf5
8. Qxd8+ Kxd8 9. Nc3 Ke8 10. Bf4 h6 11. h3 Be6 12. a3 Rd8 13. Rad1 Be7 14. 
Rfe1
a6 15. Ne4 b6 16. g4 Nh4 17. Nxh4 Bxh4 18. Bg3 Be7 19. f4 g6 20. Nf6+ Kf8 
21.
Bh4 Rxd1 22. Rxd1 g5 23. Bg3 gxf4 24. Bxf4 Kg7 25. Kg2 Rd8 26. Rxd8 Bxd8 27.
Kg3 c5 28. h4 c4 29. c3 c5 30. g5 hxg5 31. Bxg5 Bxf6 32. exf6+ Kg6 33. Kf4 
b5
34. Ke5 Bg4 35. Kd6 Bd1 36. Kxc5 Bb3 37. Kb6 Kh5 38. Kxa6 Ba4 39. Kb6 Kg6 
40.
Kc5 Kf5 41. Kb4 Kg4 42. Bc1 Kxh4 43. b3 cxb3 44. Bb2 Kg5 45. c4 bxc4 1-0

[Event "AUT-chT 2001-2002"]
[Site "Dornbirn"]
[Date "2002.03.08"]
[Round "9.6"]
[White "Waldmann, Gerald"]
[Black "Neumeier, Klaus"]
[Result "1/2-1/2"]
[WhiteElo "2163"]
[BlackElo "2344"]
[PlyCount "196"]
[EventDate "2002.03.08"]

1. e4 c5 2. Nf3 d6 3. d4 cxd4 4. Qxd4 Nc6 5. Bb5 Bd7 6. Bxc6 Bxc6 7. Nc3 Nf6 
8.
Bg5 e6 9. O-O-O Be7 10. Rhe1 O-O 11. Kb1 h6 12. Bh4 Re8 13. Qd2 Nxe4 14. 
Nxe4
Bxh4 15. Nxd6 Bxf3 16. gxf3 Rf8 17. Rg1 Kh8 18. Rg4 Bf6 19. Qe1 Qb6 20. Rb4 
Qc6
21. Qe4 Rad8 22. Qxc6 bxc6 23. Rb7 Kg8 24. f4 Rb8 25. b3 Rxb7 26. Nxb7 Bh4 
27.
Rd2 Rb8 28. Na5 Rb6 29. a4 Kf8 30. Nc4 Rb7 31. Ne5 Rc7 32. c4 Ke7 33. Kc2 
Bf6
34. Nf3 g5 35. fxg5 hxg5 36. h3 Rc8 37. Rd3 Rh8 38. Nd2 Rh4 39. Kd1 Bg7 40. 
Ke2
f5 41. b4 a6 42. b5 cxb5 43. axb5 axb5 44. cxb5 Bd4 45. Nf3 Re4+ 46. Kf1 Bb6
47. Nxg5 Rb4 48. Rc3 Rxb5 49. Rc6 e5 50. Re6+ Kd7 51. Rf6 e4 52. h4 Bd4 53. 
Ra6
Rb1+ 54. Kg2 Rb2 55. Ra4 Bxf2 56. Nxe4 fxe4 57. Rxe4 Bxh4+ 58. Kf3 Bf6 59. 
Kf4
Rb5 60. Ke3 Be5 61. Ra4 Ke6 62. Ra8 Rb3+ 63. Ke4 Rb4+ 64. Ke3 Kf5 65. Rf8+ 
Bf6
66. Kd3 Rd4+ 67. Ke3 Rd7 68. Ke2 Ke5 69. Re8+ Kf4 70. Rf8 Rd6 71. Ra8 Ke4 
72.
Rg8 Be5 73. Ra8 Rh6 74. Re8 Rh2+ 75. Kd1 Kd4 76. Re7 Bf4 77. Rd7+ Ke4 78. 
Re7+
Kf3 79. Re8 Rd2+ 80. Ke1 Rc2 81. Kf1 Rc1+ 82. Re1 Rc2 83. Re8 Rh2 84. Rg8 
Rh7
85. Rg2 Rh1+ 86. Rg1 Rh2 87. Rg8 Rf2+ 88. Ke1 Rc2 89. Rd8 Rc1+ 90. Rd1 Rc8 
91.
Rd7 Rc6 92. Rd8 Rc7 93. Rd5 Rh7 94. Kd1 Rc7 95. Rd3+ Be3 96. Ke1 Ke4 97. Rd8
Bd4 98. Ke2 Rc2+ 1/2-1/2

[Event "AUT-chT 2001-2002"]
[Site "Dornbirn"]
[Date "2002.03.08"]
[Round "9.2"]
[White "Atlas, Valeri"]
[Black "Rolletschek, Heinrich"]
[Result "1-0"]
[WhiteElo "2484"]
[BlackElo "2269"]
[PlyCount "109"]
[EventDate "2002.03.08"]

1. e4 e5 2. Bc4 Nf6 3. d3 Nc6 4. Nf3 Be7 5. O-O d6 6. c3 O-O 7. Bb3 Be6 8. 
Re1
Bxb3 9. Qxb3 Rb8 10. Nbd2 Qd7 11. Nf1 Rfe8 12. Ng3 Bf8 13. Bg5 Qd8 14. d4 h6
15. Bd2 g6 16. Rad1 Qe7 17. h3 b5 18. Be3 a6 19. Qc2 Na5 20. Nd2 c5 21. d5 
Kh7
22. Rc1 h5 23. b4 Nb7 24. Nf3 Bh6 25. Ng5+ Kg7 26. Qd2 Ng8 27. f4 exf4 28. 
Bxf4
Bxg5 29. Bxg5 f6 30. Bf4 Rbc8 31. Qd3 Qd7 32. Re2 cxb4 33. cxb4 Rxc1+ 34. 
Bxc1
Rc8 35. Rc2 Nd8 36. Bb2 Nf7 37. Rxc8 Qxc8 38. Qc3 Qxc3 39. Bxc3 Ne7 40. Kf2 
Ne5
41. Ne2 Kf7 42. Nf4 f5 43. Ke3 Nc4+ 44. Kd3 fxe4+ 45. Kxe4 Nb6 46. Bd4 Nc4 
47.
Ne6 a5 48. bxa5 Nxa5 49. Bc3 Nb7 50. Nc7 Nc5+ 51. Kf3 Na4 52. Bb4 Kf6 53. 
Ke4
Nc8 54. Nxb5 Ke7 55. Nxd6 1-0

[Event "AUT-chT 2001-2002"]
[Site "Dornbirn"]
[Date "2002.03.08"]
[Round "9.3"]
[White "Baumgartner, Heinz"]
[Black "Bezold, Michael"]
[Result "1-0"]
[WhiteElo "2350"]
[BlackElo "2504"]
[PlyCount "51"]
[EventDate "2002.03.08"]

1. Nf3 d6 2. d4 g6 3. g3 Bg7 4. Bg2 Nf6 5. O-O O-O 6. c4 a6 7. Nc3 Nc6 8. d5
Na5 9. b3 c5 10. Bb2 Rb8 11. Nd2 b5 12. Qc2 Bh6 13. f4 e5 14. dxe6 Bxe6 15. 
Nd5
Bg7 16. Nxf6+ Bxf6 17. Bxf6 Qxf6 18. cxb5 Rxb5 19. Rad1 Qe7 20. Qc3 f6 21. 
Nb1
Qc7 22. Qe3 Re8 23. Nc3 Rb4 24. Nd5 Qd8 25. Nxb4 Bxb3 26. Rxd6 1-0

[Event "AUT-chT 2001-2002"]
[Site "Dornbirn"]
[Date "2002.03.08"]
[Round "9.4"]
[White "Novkovic, Milan"]
[Black "Niedermayr, Horst"]
[Result "1-0"]
[WhiteElo "2396"]
[BlackElo "2178"]
[PlyCount "63"]
[EventDate "2002.03.08"]

1. d4 Nf6 2. Nf3 d6 3. c4 g6 4. Nc3 Nbd7 5. Bg5 Bg7 6. e3 c5 7. Be2 O-O 8. 
O-O
Qb6 9. a3 Re8 10. b4 a6 11. Rb1 cxb4 12. axb4 Qc7 13. Qd2 Nb6 14. Bxf6 Bxf6 
15.
c5 Nd7 16. Rfc1 Bg7 17. Nd5 Qc6 18. Qa2 e6 19. Nc3 dxc5 20. bxc5 Rb8 21. Ng5
Qc7 22. Bf3 Nf6 23. Nge4 Nxe4 24. Nxe4 Re7 25. Rb6 Bd7 26. Nd6 Bc8 27. Rcb1 
e5
28. Qd2 exd4 29. exd4 Bf5 30. Nxf5 gxf5 31. g3 Rd8 32. Rxb7 1-0

[Event "AUT-chT 2001-2002"]
[Site "Dornbirn"]
[Date "2002.03.08"]
[Round "9.5"]
[White "Woeber, Friedrich"]
[Black "Gaertner, Guntram"]
[Result "1/2-1/2"]
[WhiteElo "2189"]
[BlackElo "2392"]
[PlyCount "86"]
[EventDate "2002.03.08"]

1. e4 c5 2. d4 cxd4 3. c3 dxc3 4. Nxc3 e6 5. Bc4 a6 6. Nf3 d6 7. O-O Qc7 8. 
Qe2
Nc6 9. Rd1 Nf6 10. Bf4 e5 11. Nd5 Nxd5 12. exd5 Be7 13. dxc6 exf4 14. cxb7 
Bxb7
15. Rac1 Qd8 16. Re1 Kf8 17. Rcd1 Bf6 18. Qd2 Bxf3 19. gxf3 g5 20. Qxd6+ 
Qxd6
21. Rxd6 Kg7 22. Rxa6 Rxa6 23. Bxa6 Bxb2 24. Re7 Bf6 25. Rd7 Re8 26. Bc4 Re7
27. Rxe7 Bxe7 28. a4 Bb4 29. Kf1 Ba5 30. Ke2 Bb6 31. h3 h5 32. Bb5 Kf6 33. 
Bd7
Ke7 34. Bc8 Kd6 35. Ba6 f5 36. Bc8 Ke5 37. Bd7 Kf6 38. Bc8 Ke5 39. Bd7 Ba5 
40.
Bc8 Kf6 41. Bd7 Kg6 42. Be8+ Kh6 43. Bd7 Kg6 1/2-1/2

[Event "AUT-chT 2001-2002"]
[Site "Dornbirn"]
[Date "2002.03.08"]
[Round "9.3"]
[White "Brestian, Egon"]
[Black "Wach, Markus"]
[Result "1/2-1/2"]
[WhiteElo "2428"]
[BlackElo "2386"]
[PlyCount "34"]
[EventDate "2002.03.08"]

1. d4 d5 2. c4 c6 3. e3 Nf6 4. Nf3 e6 5. Nbd2 c5 6. a3 cxd4 7. exd4 dxc4 8.
Nxc4 Be7 9. Nce5 O-O 10. Bd3 Bd7 11. O-O Bc6 12. Qe2 Bd5 13. Bg5 Nc6 14. 
Rad1
Rc8 15. Bb1 Nd7 16. Bxe7 Qxe7 17. Rfe1 Rfd8 1/2-1/2

[Event "AUT-chT 2001-2002"]
[Site "Dornbirn"]
[Date "2002.03.08"]
[Round "9.5"]
[White "Lendwai, Reinhard"]
[Black "Kuba, Guenter"]
[Result "1-0"]
[WhiteElo "2372"]
[BlackElo "2313"]
[PlyCount "53"]
[EventDate "2002.03.08"]

1. e4 e5 2. Bc4 Nf6 3. d3 Nc6 4. Nf3 Be7 5. O-O O-O 6. Re1 d6 7. c3 Na5 8. 
Bb5
a6 9. Ba4 b5 10. Bc2 c5 11. Nbd2 Re8 12. Nf1 Bf8 13. h3 d5 14. exd5 Qxd5 15.
Bg5 Qd6 16. d4 cxd4 17. cxd4 Nc6 18. Bxf6 Qxf6 19. Be4 Rd8 20. Qc2 Bb7 21.
Bxh7+ Kh8 22. dxe5 Qh6 23. Be4 Rac8 24. Qe2 Re8 25. Ne3 g6 26. Ng4 Qg7 27. 
Qe3
1-0

[Event "AUT-chT 2001-2002"]
[Site "Dornbirn"]
[Date "2002.03.08"]
[Round "9.6"]
[White "Postl, Anton"]
[Black "Mahdy, Khaled"]
[Result "1/2-1/2"]
[WhiteElo "2283"]
[BlackElo "2352"]
[PlyCount "47"]
[EventDate "2002.03.08"]

1. Nf3 Nf6 2. g3 g6 3. Bg2 Bg7 4. d4 O-O 5. c4 c5 6. O-O Nc6 7. dxc5 Qa5 8. 
Nc3
Qxc5 9. b3 d6 10. h3 Qa5 11. Bd2 Qd8 12. Rc1 Bd7 13. Be3 Qa5 14. Qd2 Rfc8 
15.
Rfd1 Be8 16. Nd4 Rab8 17. Nxc6 Bxc6 18. Bxc6 Rxc6 19. Nd5 Qxd2 20. Rxd2 Nxd5
21. Rxd5 a6 22. a4 Rbc8 23. Rcd1 Bc3 24. g4 1/2-1/2

[Event "AUT-chT 2001-2002"]
[Site "Dornbirn"]
[Date "2002.03.08"]
[Round "9.1"]
[White "Hertneck, Gerald"]
[Black "Mueller, Karsten"]
[Result "1/2-1/2"]
[WhiteElo "2570"]
[BlackElo "2506"]
[PlyCount "33"]
[EventDate "2002.03.08"]

1. e4 c5 2. c3 e6 3. d4 d5 4. exd5 exd5 5. Nf3 Nc6 6. Be3 c4 7. b3 cxb3 8. 
axb3
Bd6 9. Bd3 Nge7 10. O-O Bf5 11. c4 O-O 12. Nc3 Nb4 13. Bxf5 Nxf5 14. c5 Bc7 
15.
Bg5 Qd7 16. Qd2 b6 17. cxb6 1/2-1/2

[Event "AUT-chT 2001-2002"]
[Site "Dornbirn"]
[Date "2002.03.08"]
[Round "9.4"]
[White "Schwarz, Michael"]
[Black "Opl, Klaus"]
[Result "1-0"]
[WhiteElo "2389"]
[BlackElo "2263"]
[PlyCount "89"]
[EventDate "2002.03.08"]

1. g3 d5 2. Bg2 Nf6 3. Nf3 Bf5 4. c4 e6 5. Qb3 Qc8 6. Nd4 Be4 7. Bxe4 dxe4 
8.
Nc3 Bc5 9. Nc2 O-O 10. Ne3 e5 11. Qc2 Bxe3 12. dxe3 Qf5 13. h3 Nc6 14. g4 
Qg6
15. Bd2 Nb4 16. Qb3 a5 17. a3 Na6 18. Qxb7 c6 19. b4 Rfc8 20. bxa5 Nc5 21. 
Qb4
Nfd7 22. Na4 Nxa4 23. Qxa4 Qe6 24. Qc2 Rcb8 25. c5 Rb5 26. Bb4 Qg6 27. Rd1 
Nf6
28. Rd6 h5 29. Rg1 hxg4 30. Rxg4 Qf5 31. Rg3 Nh5 32. Rf3 Qh7 33. Rxf7 Kxf7 
34.
Qc4+ Kf8 35. Rxc6 Rb7 36. Rb6 Rf7 37. c6+ Kg8 38. c7 Rc8 39. Rd6 Qf5 40. 
Rd8+
Kh7 41. Rxc8 Qxf2+ 42. Kd2 Rd7+ 43. Kc2 Nf6 44. Rd8 Nd5 45. Qxe4+ 1-0

[Event "AUT-chT 2001-2002"]
[Site "Dornbirn"]
[Date "2002.03.08"]
[Round "9.5"]
[White "Peterwagner, Heinz"]
[Black "Kotz, Heinz Peter"]
[Result "1/2-1/2"]
[WhiteElo "2226"]
[BlackElo "2364"]
[PlyCount "40"]
[EventDate "2002.03.08"]

1. e4 e5 2. Nf3 Nc6 3. Bb5 f5 4. Qe2 fxe4 5. Bxc6 dxc6 6. Qxe4 Nf6 7. Qxe5+ 
Be7
8. d4 O-O 9. O-O Bg4 10. Nbd2 Bd6 11. Qg5 h6 12. Qh4 Re8 13. Re1 Rxe1+ 14. 
Nxe1
Qe7 15. Ndf3 Re8 16. Be3 Qf7 17. Ne5 Bxe5 18. dxe5 Rxe5 19. h3 Be2 20. Qd4 
Re4
1/2-1/2

[Event "AUT-chT 2001-2002"]
[Site "Dornbirn"]
[Date "2002.03.08"]
[Round "9.6"]
[White "Perhinig, Robert"]
[Black "Hamberger, Hermann"]
[Result "1-0"]
[WhiteElo "2191"]
[BlackElo "2141"]
[PlyCount "86"]
[EventDate "2002.03.08"]

1. d4 Nf6 2. Nf3 c5 3. c3 b6 4. g3 Bb7 5. Bg2 g6 6. O-O Bg7 7. Nbd2 O-O 8. 
Re1
d6 9. e4 cxd4 10. cxd4 Nfd7 11. b3 Nc6 12. Bb2 Rc8 13. Nc4 b5 14. Ne3 Nb6 
15.
Qd2 Nb8 16. Qd3 Qd7 17. Rad1 b4 18. Qb1 a5 19. e5 d5 20. a4 bxa3 21. Bxa3 
Rfe8
22. e6 Qxe6 23. Nc4 Qf6 24. Nxa5 Ba6 25. Ne5 Bb5 26. h4 Qf5 27. Qxf5 gxf5 
28.
Bc5 N6d7 29. Nxd7 Nxd7 30. Bxe7 Ra8 31. Nb7 Bc6 32. Nd6 Reb8 33. Nxf5 Rxb3 
34.
Bd6 Bf6 35. Rc1 Bb7 36. Rc7 Nf8 37. Nh6+ Kg7 38. Nxf7 Kg6 39. Ne5+ Bxe5 40.
Bxe5 Ne6 41. Rxb7 Rxb7 42. Bxd5 Nd8 43. Be4+ Kf7 1-0

[Event "AUT-chT 2001-2002"]
[Site "Dornbirn"]
[Date "2002.03.08"]
[Round "9.1"]
[White "Boensch, Uwe"]
[Black "Popovic, Petar"]
[Result "0-1"]
[WhiteElo "2542"]
[BlackElo "2532"]
[PlyCount "78"]
[EventDate "2002.03.08"]

1. d4 Nf6 2. c4 g6 3. Nc3 d5 4. Nf3 Bg7 5. Bg5 dxc4 6. e4 Bg4 7. Bxc4 Bxf3 
8.
gxf3 O-O 9. Qd2 Nfd7 10. O-O-O Nb6 11. Bb3 Nc6 12. Ne2 Qd7 13. h4 Rad8 14. 
h5
Nxd4 15. Nxd4 Qxd4 16. Qc2 Qb4 17. hxg6 Rxd1+ 18. Rxd1 hxg6 19. f4 Re8 20. 
f5
gxf5 21. Rg1 Kf8 22. exf5 Nd7 23. Be3 Qh4 24. Qd1 Ne5 25. f4 Nc6 26. Qd5 Qf6
27. Qg2 Rd8 28. Kb1 a5 29. a3 Nd4 30. Bxd4 Rxd4 31. Rc1 c6 32. Ka2 a4 33. 
Bc4
Rd8 34. Rc2 Qxf5 35. Re2 Qf6 36. Qe4 b5 37. Bd3 c5 38. Bxb5 Rb8 39. Qc4 Qb6 
0-1

[Event "AUT-chT 2001-2002"]
[Site "Dornbirn"]
[Date "2002.03.08"]
[Round "9.2"]
[White "Loeffler, Stefan"]
[Black "Stangl, Markus"]
[Result "0-1"]
[WhiteElo "2400"]
[BlackElo "2457"]
[PlyCount "54"]
[EventDate "2002.03.08"]

1. d4 Nf6 2. Nf3 g6 3. c4 Bg7 4. Nc3 d5 5. cxd5 Nxd5 6. e4 Nxc3 7. bxc3 O-O 
8.
Be3 c5 9. Qd2 Qa5 10. Rb1 a6 11. Rc1 Bg4 12. Ne5 Bxe5 13. dxe5 Rd8 14. Qb2 
Nc6
15. f4 b5 16. Bxc5 Qa4 17. Qb1 Rd7 18. Be3 Rad8 19. Be2 Bxe2 20. Kxe2 Qc4+ 
21.
Kf3 Rd3 22. h4 h6 23. Rhe1 g5 24. hxg5 hxg5 25. Rcd1 gxf4 26. Kxf4 Nxe5 27.
Kxe5 Qc7+ 0-1

[Event "AUT-chT 2001-2002"]
[Site "Dornbirn"]
[Date "2002.03.08"]
[Round "9.3"]
[White "Weinzettl, Ernst"]
[Black "Penz, Harald"]
[Result "1-0"]
[WhiteElo "2415"]
[BlackElo "2351"]
[PlyCount "57"]
[EventDate "2002.03.08"]

1. d4 d5 2. c4 c5 3. cxd5 Nf6 4. Nc3 Nxd5 5. Nf3 cxd4 6. Qxd4 Nxc3 7. Qxc3 
Nc6
8. e4 e6 9. a3 Bd7 10. Be2 Rc8 11. O-O Na5 12. Qd3 Ba4 13. Qe3 Bc5 14. Qf4 
Nb3
15. Qg4 Nxc1 16. Raxc1 O-O 17. e5 Bb3 18. Rc3 Qb6 19. Qh4 Rce8 20. Ng5 h6 
21.
Ne4 Be7 22. Nf6+ Kh8 23. Qe4 g6 24. Nxe8 Rxe8 25. Qf3 Ba4 26. Qxf7 Qxb2 27. 
Rh3
Bg5 28. Qxg6 Qxe5 29. f4 1-0

[Event "AUT-chT 2001-2002"]
[Site "Dornbirn"]
[Date "2002.03.08"]
[Round "9.4"]
[White "Roth, Peter"]
[Black "Ellers, Holger"]
[Result "0-1"]
[WhiteElo "2327"]
[BlackElo "2444"]
[PlyCount "126"]
[EventDate "2002.03.08"]

1. e4 e6 2. d4 d5 3. Nc3 Nc6 4. Be3 Bb4 5. Nge2 dxe4 6. a3 Be7 7. Nxe4 Nf6 
8.
Nxf6+ Bxf6 9. g3 Qd5 10. Rg1 O-O 11. Qd2 Rd8 12. Bg2 Qc4 13. b3 Qa6 14. Be4
Nxd4 15. Nxd4 c5 16. Bd3 Qb6 17. Bg5 Bxg5 18. Qxg5 Rxd4 19. O-O-O Bd7 20. 
Rge1
Bc6 21. Qh5 h6 22. Re5 Rad8 23. Rde1 Bd5 24. R1e3 c4 25. bxc4 Bxc4 26. Bxc4
Rxc4 27. Qf3 Qd4 28. Kb1 Rc6 29. Rb5 Qd1+ 30. Qxd1 Rxd1+ 31. Kb2 b6 32. Re2 
Rd4
33. Kb3 Rdc4 34. Kb2 g5 35. Rb4 Kg7 36. Rd2 R4c5 37. Rbd4 Kf6 38. h4 Rc4 39.
hxg5+ hxg5 40. Rd7 Rc7 41. R7d3 Ke5 42. f3 Kf5 43. Rh2 f6 44. c3 Kg6 45. Rh8 
e5
46. Rf8 Kg7 47. Re8 Kf7 48. Rh8 Ke6 49. Kb3 Rc8 50. Rh7 R4c7 51. Rh6 b5 52. 
Rh1
Rc4 53. Rh7 R4c7 54. Rh1 a6 55. Rhd1 Kf5 56. Kb2 Rc6 57. Rh1 Kg6 58. Rhd1 
Rc4
59. Rf1 Rh8 60. Rf2 Rh3 61. Rd6 Rxg3 62. Rxa6 Rf4 63. Rb6 g4 0-1

[Event "AUT-chT 2001-2002"]
[Site "Dornbirn"]
[Date "2002.03.08"]
[Round "9.5"]
[White "Sprenger, Wendelin"]
[Black "Janetschek, Karl"]
[Result "1-0"]
[WhiteElo "2180"]
[BlackElo "2326"]
[PlyCount "59"]
[EventDate "2002.03.08"]

1. e4 c5 2. Nf3 d6 3. d4 cxd4 4. Nxd4 Nf6 5. Nc3 a6 6. Bg5 e6 7. f4 Nbd7 8. 
Qf3
Qc7 9. O-O-O b5 10. e5 Bb7 11. Qh3 dxe5 12. Nxe6 fxe6 13. Qxe6+ Be7 14. Bxb5
axb5 15. Nxb5 Qc6 16. Nd6+ Qxd6 17. Rxd6 Nc5 18. Qxe5 Rxa2 19. Bxf6 gxf6 20.
Qxc5 Bxd6 21. Qxd6 Ra1+ 22. Kd2 Rxh1 23. Qb8+ Kf7 24. Qxh8 Rxh2 25. Kc3 Bxg2
26. Qc8 Bh3 27. Qc7+ Kg8 28. f5 Rg2 29. b4 Bxf5 30. Qb8+ 1-0

[Event "AUT-chT 2001-2002"]
[Site "Dornbirn"]
[Date "2002.03.08"]
[Round "9.6"]
[White "Prager, Manfred"]
[Black "Hoellrigl, Wilfried"]
[Result "1/2-1/2"]
[WhiteElo "2073"]
[BlackElo "2196"]
[PlyCount "57"]
[EventDate "2002.03.08"]

1. e4 c5 2. Nf3 Nc6 3. d4 cxd4 4. Nxd4 Nf6 5. Nc3 e5 6. Ndb5 d6 7. Nd5 Nxd5 
8.
exd5 Nb8 9. c4 Be7 10. Be2 a6 11. Nc3 O-O 12. O-O f5 13. Qb3 Nd7 14. Na4 b6 
15.
Bd2 Nc5 16. Nxc5 bxc5 17. Qc2 a5 18. b3 Bd7 19. a3 Qb6 20. Rab1 Rfb8 21. b4
axb4 22. axb4 cxb4 23. Rxb4 Qc7 24. Rfb1 Rxb4 25. Bxb4 Qa7 26. Bc3 Qa2 27. 
Rb2
Qa7 28. Rb1 Qa2 29. Rb2 1/2-1/2

[Event "AUT-chT 2001-2002"]
[Site "Dornbirn"]
[Date "2002.03.08"]
[Round "9.1"]
[White "Chernin, Alexander"]
[Black "Wells, Peter"]
[Result "1/2-1/2"]
[WhiteElo "2592"]
[BlackElo "2517"]
[PlyCount "48"]
[EventDate "2002.03.08"]

1. d4 Nf6 2. c4 e6 3. Nf3 d5 4. e3 a6 5. b3 Bb4+ 6. Nbd2 c5 7. dxc5 Bc3 8. 
Rb1
Nc6 9. Qc2 Ne4 10. a3 Qf6 11. Bd3 Nxc5 12. Be2 dxc4 13. Bxc4 b5 14. Be2 Bb7 
15.
O-O O-O 16. b4 Na4 17. Ne4 Qg6 18. Bd3 Ne5 19. Nxe5 Bxe5 20. f4 f5 21. Nc5 
Nxc5
22. bxc5 Bf6 23. a4 Rfc8 24. Ba3 Bd5 1/2-1/2

[Event "AUT-chT 2001-2002"]
[Site "Dornbirn"]
[Date "2002.03.08"]
[Round "9.4"]
[White "Fahrner, Kurt"]
[Black "Kindermann, Stefan"]
[Result "1/2-1/2"]
[WhiteElo "2367"]
[BlackElo "2520"]
[PlyCount "38"]
[EventDate "2002.03.08"]

1. d4 f5 2. g3 Nf6 3. Bg2 g6 4. Nf3 Bg7 5. O-O O-O 6. b4 c6 7. c4 d6 8. Bb2 
Kh8
9. Qc2 Be6 10. Nbd2 Bg8 11. a4 a6 12. Ne1 Nbd7 13. Nd3 Rc8 14. e3 Qe8 15. c5 
g5
16. Rae1 d5 17. Nf3 h6 18. Nfe5 Bh7 19. Qb3 Ne4 1/2-1/2

[Event "AUT-chT 2001-2002"]
[Site "Dornbirn"]
[Date "2002.03.08"]
[Round "9.6"]
[White "Loebler, Heimo"]
[Black "Watzka, Horst"]
[Result "1/2-1/2"]
[WhiteElo "2232"]
[BlackElo "2364"]
[PlyCount "29"]
[EventDate "2002.03.08"]

1. d4 d6 2. c4 e5 3. Nf3 Nd7 4. Nc3 Ngf6 5. Bg5 Be7 6. e3 c6 7. Qc2 a6 8. O-O-O
Qa5 9. Kb1 O-O 10. Bd3 Re8 11. g4 Nf8 12. Bxf6 Bxf6 13. Rdg1 exd4 14. exd4 Qb6
15. Na4 1/2-1/2

[Event "AUT-chT 2001-2002"]
[Site "Dornbirn"]
[Date "2002.03.09"]
[Round "10.2"]
[White "Rabiega, Robert"]
[Black "Horvath, Jozsef"]
[Result "0-1"]
[WhiteElo "2503"]
[BlackElo "2551"]
[PlyCount "88"]
[EventDate "2002.03.09"]

1. e4 c5 2. c3 d5 3. exd5 Qxd5 4. d4 Nf6 5. Nf3 e6 6. Na3 Be7 7. Nb5 Na6 8. Be2
O-O 9. Bf4 Bd7 10. O-O Rfd8 11. Re1 Be8 12. a4 Qc6 13. Ne5 Qc8 14. Qb3 Nd5 15.
Bg3 cxd4 16. Nxd4 Nc5 17. Qc2 f6 18. Nd3 Bg6 19. Nb3 Ne3 20. fxe3 Nxd3 21. Bxd3
Bxd3 22. Qf2 e5 23. Nd2 Qc6 24. Nf3 Rd5 25. h3 Rad8 26. Kh2 Be4 27. Re2 Ra5 28.
Rd2 Rxd2 29. Nxd2 Rxa4 30. Rxa4 Qxa4 31. b3 Qc6 32. Nxe4 Qxe4 33. Qd2 Kf7 34.
b4 Qc4 35. h4 Ke6 36. Be1 f5 37. Qf2 g6 38. g3 h5 39. Qg2 e4 40. Qd2 b6 41. Kg2
a5 42. bxa5 bxa5 43. Qb2 a4 44. Qb8 Kf7 0-1

[Event "AUT-chT 2001-2002"]
[Site "Dornbirn"]
[Date "2002.03.09"]
[Round "10.4"]
[White "Fahrner, Kurt"]
[Black "Steflitsch, Erich"]
[Result "1/2-1/2"]
[WhiteElo "2367"]
[BlackElo "2371"]
[PlyCount "31"]
[EventDate "2002.03.09"]

1. c4 Nf6 2. Nc3 e6 3. e4 d5 4. exd5 exd5 5. d4 Bb4 6. Bd3 O-O 7. Nge2 c5 8. a3
dxc4 9. Bxc4 Bxc3+ 10. bxc3 cxd4 11. cxd4 Nc6 12. O-O Nd5 13. Qd3 Be6 14. Be3
Rc8 15. Bxd5 Bxd5 16. Nf4 1/2-1/2

[Event "AUT-chT 2001-2002"]
[Site "Dornbirn"]
[Date "2002.03.09"]
[Round "10.5"]
[White "Pilaj, Herwig"]
[Black "Ebner, Hubert"]
[Result "1/2-1/2"]
[WhiteElo "2318"]
[BlackElo "2262"]
[PlyCount "44"]
[EventDate "2002.03.09"]

1. d4 Nf6 2. c4 g6 3. Nc3 Bg7 4. e4 d6 5. Nf3 O-O 6. Be2 c5 7. d5 e6 8. O-O Re8
9. dxe6 fxe6 10. e5 dxe5 11. Nxe5 Nfd7 12. Ng4 Rf8 13. Ne4 Nc6 14. Bh6 Nd4 15.
Bxg7 Kxg7 16. Qd2 b6 17. Rfe1 Qe7 18. Bd3 Bb7 19. Qh6+ Kg8 20. Ng5 Rae8 21. Re3
Qg7 22. Rae1 Qxh6 1/2-1/2

[Event "AUT-chT 2001-2002"]
[Site "Dornbirn"]
[Date "2002.03.09"]
[Round "10.2"]
[White "Luther, Thomas"]
[Black "Loeffler, Stefan"]
[Result "1/2-1/2"]
[WhiteElo "2604"]
[BlackElo "2400"]
[PlyCount "118"]
[EventDate "2002.03.09"]

1. e4 Nf6 2. e5 Nd5 3. d4 d6 4. Nf3 dxe5 5. Nxe5 c6 6. Be2 Bf5 7. O-O Nd7 8.
Nf3 h6 9. a3 e6 10. c4 N5f6 11. Nc3 Bd6 12. b4 O-O 13. Bb2 a6 14. Re1 b5 15. d5
cxd5 16. cxd5 e5 17. h3 Nb6 18. Bf1 Re8 19. Ne2 Na4 20. Ra2 Be4 21. Nc3 Nxc3
22. Bxc3 Qc7 23. Ba1 Rad8 24. Rd2 Qb8 25. g3 Bc7 26. Bg2 Bxd5 27. Nh4 Bxg2 28.
Kxg2 Qa8+ 29. Kh2 Rxd2 30. Qxd2 a5 31. Qc2 Qa7 32. bxa5 Qxa5 33. Re2 Qxa3 34.
Qxc7 Qxa1 35. Nf5 Qd1 36. Rxe5 Rxe5 37. Qxe5 Qf3 38. Kg1 b4 39. Nd4 Qb7 40. Nb3
Ne4 41. h4 Nc3 42. Qf5 g6 43. Qd3 Qe4 44. Qxe4 Nxe4 45. Kg2 f5 46. Kf3 Nf6 47.
Kf4 Kf7 48. Nd4 Ne4 49. g4 Nxf2 50. gxf5 Nd3+ 51. Ke3 Nc5 52. fxg6+ Kxg6 53.
Kd2 Kf6 54. Kc2 h5 55. Kb2 Na6 56. Kb3 Ke5 57. Nc6+ Kf4 58. Ne7 Kg3 59. Ng6 Kg4
1/2-1/2